000 00618nam a2200217Ia 4500
003 OSt
005 20230519050904.0
008 210423s1999 xx 000 0 und d
040 _cAL
041 _aeng
082 _a305.4
_223
_bINDG
100 _aINDIRA (R);BEHERA (Deepak Kumar),Ed.
_9109175
245 _aGender and society in india
_bRural and tribal studies
260 _aNew Delhi
_bManak Publications
_c1999
365 _b750
_cINR
440 _v2
650 _aSociology
_9109176
650 _aWomen Studies
_9109177
906 _aGender ; india ; Rural ; society ; studies ; tribal
942 _2ddc
_cBK
999 _c172473
_d172473